Online
Catalog

Resumen : (Record no. 37691)

MARC details
000 -CABECERA
campo de control de longitud fija 00679nam a2200169 a 4500
001 - NÚMERO DE CONTROL
campo de control 000038201
005 - FECHA Y HORA DE LA ÚLTIMA TRANSACCIÓN
campo de control 20250401130908.0
008 - DATOS DE LONGITUD FIJA--INFORMACIÓN GENERAL
campo de control de longitud fija 130321s2001 000 spa d
020 ## - NÚMERO INTERNACIONAL ESTÁNDAR DEL LIBRO
Número Internacional Estándar del Libro 9687462272
020 ## - NÚMERO INTERNACIONAL ESTÁNDAR DEL LIBRO
Número Internacional Estándar del Libro 9687462272
040 ## - FUENTE DE LA CATALOGACIÓN
Centro catalogador/agencia de origen DO-SdBNP
Lengua de catalogación spa
Centro/agencia transcriptor BNPHU
110 2# - ENTRADA PRINCIPAL--NOMBRE DE ENTIDAD CORPORATIVA
Nombre de entidad corporativa o nombre de jurisdicción como elemento de entrada Programa de las Naciones Unidas para el Desarrollo
9 (RLIN) 187
245 10 - MENCIÓN DE TÍTULO
Título Resumen :
Resto del título informe sobre desarrollo humano 2001 :
-- Poner el adelanto tecnológico al servicio del desarrollo humano.
246 13 - FORMA VARIANTE DE TÍTULO
Título propio/Titulo breve poner el adelanto tecnológico al servicio del desarrollo humano.
260 ## - PUBLICACIÓN, DISTRIBUCIÓN, ETC.
Lugar de publicación, distribución, etc. New York :
Nombre del editor, distribuidor, etc. Programa de las Naciones Unidas para el Desarrollo (PNUD),
Fecha de publicación, distribución, etc. 2001.
300 ## - DESCRIPCIÓN FÍSICA
Extensión [30] p. :
Otras características físicas il., mapas ;
Dimensiones 29 cm.
Holdings
Estado de retiro Estado de pérdida Restricciones de uso No para préstamo Código de colección Localización permanente Ubicación/localización actual Ubicación en estantería Fecha de adquisición Número de inventario Total de préstamos Signatura topográfica completa Código de barras Fecha visto por última vez Precio válido a partir de Tipo de ítem Koha
        Monografías: Libros y Folletos General General Orden iniciada 21.03.2013 LF1   38201-10 25.06.2020 25.06.2020 No se presta

Powered by Koha